Soccer Dream Team - Starting XI & Subs - Statistics

General Stats
  • This quiz has been taken 55 times
  • The average score is 15 of 17
Answer Stats
Position Nationality Player % Correct
LW Portugal Cristiano Ronaldo
100%
RW Argentina Lionel Messi
100%
Sub 1 (ST): Brazil Ronaldo Nazario
100%
CB Italy Paolo Maldini
98%
LB Brazil Roberto Carlos
98%
GK Soviet Union (Russia) Lev Yashin
93%
CAM Argentina Diego Maradona
91%
Coach Scotland (UK) Sir Alex Ferguson
91%
ST Brazil Pele
89%
Sub 4 (CAM): Netherlands Johan Cruyff
85%
Sub 2 (RM): Spain Andres Iniesta
83%
RB Brazil Cafu
83%
LM Spain Xavi
80%
RM France Zinedine Zidane
80%
Sub 5 (LW/RW): Brazil Ronaldinho
78%
CB Germany Franz Beckenbauer
76%
Sub 3 (LM): Germany Lothar Matthäus
57%
No matching quizzes found
Score Distribution
Percent of People with Each Score
Percentile by Number Answered
Your Score History
You have not taken this quiz